Κατάλογος Βιβλιοθηκών Mediterranean College

Χρηματοοικονομική Διοίκηση και Χρηματιστηριακές Αγορές / Γ' Έκδοση (Record no. 4573)

MARC details
000 -LEADER
fixed length control field 04092cam a22002174a 4500
005 - ΗΜΕΡΟΜΗΝΙΑ ΚΑΙ ΩΡΑ ΤΕΛΕΥΤΑΙΑΣ ΕΝΗΜΕΡΩΣΗΣ
Πεδίο ελέγχου 20250605163436.0
008 - FIXED-LENGTH DATA ELEMENTS--GENERAL INFORMATION
Πεδίο ελέγχου σταθερού μήκους 250528s ||||||||||||||||||||||||d
035 ## - SYSTEM CONTROL NUMBER
System control number 19313
020 ## - ISBN
ISBN 9608249287
040 ## - ΠΗΓΗ ΚΑΤΑΛΟΓΟΓΡΑΦΗΣΗΣ
Φορέας πρωτότυπης καταλογογράφησης MC Athens Campus Library
Γλώσσα καταλογογράφησης Ελληνικά, Μοντέρνα (1453-)
Modifying agency MC Athens Campus Library
Κανόνες περιγραφικής καταλογογράφησης AACR2
245 1# - ΤΙΤΛΟΣ ΚΑΙ ΔΗΛΩΣΗ ΥΠΕΥΘΥΝΟΤΗΤΑΣ
Τίτλος Χρηματοοικονομική Διοίκηση και Χρηματιστηριακές Αγορές / Γ' Έκδοση
250 ## - EDITION STATEMENT
Edition statement
260 ## - PUBLICATION, DISTRIBUTION, ETC.
Name of publisher, distributor, etc. Γ. Μπένου,
Date of publication, distribution, etc. 2002
300 ## - PHYSICAL DESCRIPTION
Extent 656
505 0# - FORMATTED CONTENTS NOTE
Formatted contents note Πρόλογος, Μέθοδοι Αξιολόγησης Επενδυτικών Έργων, Σύγκριση των Μεθόδων της Καθαρής Παρούσας Αξίας και του Εσωτερικού Βαθμού Απόδοσης, Ανάλυση Καθαρών Ταμειακών Ροών, Αξιολόγηση Επενδύσεων σε Καθεστώς Πληθωρισμού, Αξία και Αγορά Χρήματος, Νόημα και Μέτρηση του Κινδύνου, Χρηματοδοτικές Αποφάσεις, Βασικά Χαρακτηριστικά του Χρηματοδοτικού Συστήματος, Πρωτογενείς και Δευτερογενείς Αγορές Χρήματος και Κεφαλαίου, Η Υπόθεση της Αποτελεσματικής Αγοράς Αξιογράφων (Κεφαλαίου), Η Πρωτογενής Αγορά Μετοχών στην Ελλάδα, Υποδείγματα Αποτίμησης Μετοχών, Κόστος Κεφαλαίου, Κεφαλαιακή Διάρθρωση και Λειτουργικός και Χρηματοοικονομικός Κίνδυνος, Θεωρία Κεφαλαιακής Διάρθρωσης, Μερισματική Πολιτική, Ανάλυση Χαρτοφυλάκιου, Εκτίμηση του Υποδείγματος Αγοράς, Προβλήματα στην Εκτίμηση του Συστηματικού Κινδύνου, Ειδικά Θέματα Χρηματοδότησης, Αγορά Χρήματος, Εξαγορές Εταιριών, Χρηματοδοτική Μίσθωση (ΧΜ), Προαιρετικά Δικαιώματα Αγοράς/ Πώλησης Μετοχών (Options).
520 ## - SUMMARY, ETC.
Summary, etc. Πρόλογος, Μέθοδοι Αξιολόγησης Επενδυτικών Έργων, Σύγκριση των Μεθόδων της Καθαρής Παρούσας Αξίας και του Εσωτερικού Βαθμού Απόδοσης, Ανάλυση Καθαρών Ταμειακών Ροών, Αξιολόγηση Επενδύσεων σε Καθεστώς Πληθωρισμού, Αξία και Αγορά Χρήματος, Νόημα και Μέτρηση του Κινδύνου, Χρηματοδοτικές Αποφάσεις, Βασικά Χαρακτηριστικά του Χρηματοδοτικού Συστήματος, Πρωτογενείς και Δευτερογενείς Αγορές Χρήματος και Κεφαλαίου, Η Υπόθεση της Αποτελεσματικής Αγοράς Αξιογράφων (Κεφαλαίου), Η Πρωτογενής Αγορά Μετοχών στην Ελλάδα, Υποδείγματα Αποτίμησης Μετοχών, Κόστος Κεφαλαίου, Κεφαλαιακή Διάρθρωση και Λειτουργικός και Χρηματοοικονομικός Κίνδυνος, Θεωρία Κεφαλαιακής Διάρθρωσης, Μερισματική Πολιτική, Ανάλυση Χαρτοφυλάκιου, Εκτίμηση του Υποδείγματος Αγοράς, Προβλήματα στην Εκτίμηση του Συστηματικού Κινδύνου, Ειδικά Θέματα Χρηματοδότησης, Αγορά Χρήματος, Εξαγορές Εταιριών, Χρηματοδοτική Μίσθωση (ΧΜ), Προαιρετικά Δικαιώματα Αγοράς/ Πώλησης Μετοχών (Options).
700 1# - ΠΡΟΣΘΕΤΗ ΑΝΑΓΡΑΦΗ--ΦΥΣΙΚΟ ΠΡΟΣΩΠΟ
Personal name Καραθανάσης Γεώργιος Α
942 ## - ADDED ENTRY ELEMENTS (KOHA)
Koha item type Books
Holdings
Τύπος τεκμηρίου Βιβλιοθήκη Τρέχουσα τοποθεσία Barcode Αριθμός εισαγωγής Ημερομηνία απόκτησης Ταξιθετικό σύμβολο Αριθμός αντιτύπου Κατάσταση απόσυρσης Κατάσταση χαμένου Κατάσταση κατεστραμμένου Μη δανεισμός Σύνολο δανεισμών Ημερομηνία τελευταίας εμφάνισης Η τιμή ισχύει από
Books MC Athens Campus Library MC Athens Campus Library 9780000045720 5330 05/06/2025 658.15 KAR 1           05/06/2025 05/06/2025

MC Athens Campus Library
Πατησίων 94 & Κοδριγκτώνος 13, 104 34
Πελλήνης 8 & Πατησίων 107, 112 51
Τ: +30 210 8899600

MC Thessaloniki Campus Library
Ίωνος Δραγούμη 21, 54625 | Ίωνος Δραγούμη 15, 54625
Τ: +30 2310 287779 – Τ: +30 2314 440300